| 000 | 00555nam a22001817a 4500 | ||
|---|---|---|---|
| 005 | 20161206101424.0 | ||
| 010 | _aENG-116309 | ||
| 020 |
_a9788180902970 _c995.00 |
||
| 035 | _aEN-99841 | ||
| 037 | _bDBAD/PUB | ||
| 082 | _a230 | ||
| 100 | _a Mackenzie,Donald A. | ||
| 245 |
_aIndian myth and legend / _cby Donald A. Mackenzie |
||
| 260 |
_aDelhi _bBhartiya Kala Prakashan _c2014 |
||
| 270 |
_a3421-A,IInd Floor Narang Colony,Tri Nagar _bDelhi _e110035 |
||
| 300 |
_axiii,468p. : _c21cm(Hb) _bill (col.) |
||
| 942 |
_2ddc _cEN _h230 _mMAC |
||
| 999 |
_c104266 _d104266 |
||